000 00771cam a22002534a 4500
020 _a9784924971257
020 _a4924971251
040 _cLWU
041 1 _hjpn
082 _a658 INT 2008 A045 Or.
100 1 _aOhga, Norio,
245 1 0 _aDoing it our way :
_ba Sony memoir /
246 3 0 _aSony memoir
250 _a1st English ed.
260 _aTokyo :
_bInternational House of Japan,
_c2008.
300 _axix, 123 p. :
_bill. ;
_c24 cm.
500 _aAt head of title: LTCB International Library Trust/International House of Japan.
500 _aRev. translation of: Sony no senritsu.
500 _aIncludes index.
650 0 _aExecutives
710 2 _aLTCB International Library Trust.
710 2 _aKokusai Bunka Kaikan (Tokyo, Japan)
942 _cEK
999 _c13297
_d13297